<?xml version="1.0" encoding="UTF-8"?>
<record
    xmlns:xsi="http://www.w3.org/2001/XMLSchema-instance"
    xsi:schemaLocation="http://www.loc.gov/MARC21/slim http://www.loc.gov/standards/marcxml/schema/MARC21slim.xsd"
    xmlns="http://www.loc.gov/MARC21/slim">

  <leader>02182nam0a2200397   4500</leader>
  <controlfield tag="001">RU\NLR\bibl\1265118</controlfield>
  <controlfield tag="005">20250615132359.0</controlfield>
  <datafield tag="010" ind1=" " ind2=" ">
    <subfield code="a">978-5-377-01917-6</subfield>
    <subfield code="9">15000</subfield>
  </datafield>
  <datafield tag="021" ind1=" " ind2=" ">
    <subfield code="a">RU</subfield>
    <subfield code="b">2008-49716</subfield>
    <subfield code="9">2752</subfield>
  </datafield>
  <datafield tag="035" ind1=" " ind2=" ">
    <subfield code="a">(NLR Aleph) 001251062</subfield>
  </datafield>
  <datafield tag="090" ind1=" " ind2=" ">
    <subfield code="a">319355</subfield>
    <subfield code="c">319355</subfield>
  </datafield>
  <datafield tag="100" ind1=" " ind2=" ">
    <subfield code="a">20080825d2009    |||y0rusy50      ca</subfield>
  </datafield>
  <datafield tag="101" ind1="0" ind2=" ">
    <subfield code="a">rus</subfield>
  </datafield>
  <datafield tag="102" ind1=" " ind2=" ">
    <subfield code="a">RU</subfield>
  </datafield>
  <datafield tag="105" ind1=" " ind2=" ">
    <subfield code="a">a   |||||||||</subfield>
  </datafield>
  <datafield tag="200" ind1="1" ind2=" ">
    <subfield code="a">&#x414;&#x43E;&#x43C;&#x430;&#x448;&#x43D;&#x44F;&#x44F; &#x440;&#x430;&#x431;&#x43E;&#x442;&#x430; &#x43F;&#x43E; &#x447;&#x435;&#x440;&#x447;&#x435;&#x43D;&#x438;&#x44E; &#x437;&#x430; 7-8 &#x43A;&#x43B;&#x430;&#x441;&#x441;&#x44B; &#x43A; &#x443;&#x447;&#x435;&#x431;&#x43D;&#x438;&#x43A;&#x443; "&#x427;&#x435;&#x440;&#x447;&#x435;&#x43D;&#x438;&#x435;: &#x443;&#x447;&#x435;&#x431;. &#x434;&#x43B;&#x44F; &#x43E;&#x431;&#x449;&#x435;&#x43E;&#x431;&#x440;&#x430;&#x437;&#x43E;&#x432;&#x430;&#x442;. &#x443;&#x447;&#x440;&#x435;&#x436;&#x434;&#x435;&#x43D;&#x438;&#x439; / &#x410;.&#x414;. &#x411;&#x43E;&#x442;&#x432;&#x438;&#x43D;&#x43D;&#x438;&#x43A;&#x43E;&#x432;, &#x412;.&#x41D;. &#x412;&#x438;&#x43D;&#x43E;&#x433;&#x440;&#x430;&#x434;&#x43E;&#x432;, &#x418;.&#x421;. &#x412;&#x44B;&#x448;&#x43D;&#x435;&#x43F;&#x43E;&#x43B;&#x44C;&#x441;&#x43A;&#x438;&#x439;. - &#x41C;.: &#x410;&#x421;&#x422;: &#x410;&#x441;&#x442;&#x440;&#x435;&#x43B;&#x44C;, 2008"</subfield>
    <subfield code="e">&#x443;&#x447;&#x435;&#x431;&#x43D;&#x43E;-&#x43C;&#x435;&#x442;&#x43E;&#x434;&#x438;&#x447;&#x435;&#x441;&#x43A;&#x43E;&#x435; &#x43F;&#x43E;&#x441;&#x43E;&#x431;&#x438;&#x435;</subfield>
    <subfield code="f">&#x414;.&#x418;. &#x427;&#x435;&#x43F;&#x430;&#x435;&#x432;</subfield>
  </datafield>
  <datafield tag="205" ind1=" " ind2=" ">
    <subfield code="a">&#x418;&#x437;&#x434;. 6-&#x435;, &#x43F;&#x435;&#x440;&#x435;&#x440;&#x430;&#x431;. &#x438; &#x438;&#x441;&#x43F;&#x440;.</subfield>
  </datafield>
  <datafield tag="210" ind1=" " ind2=" ">
    <subfield code="a">&#x41C;&#x43E;&#x441;&#x43A;&#x432;&#x430;</subfield>
    <subfield code="c">&#x42D;&#x43A;&#x437;&#x430;&#x43C;&#x435;&#x43D;</subfield>
    <subfield code="d">2009 [&#x442;. &#x435;. 2008]</subfield>
  </datafield>
  <datafield tag="215" ind1=" " ind2=" ">
    <subfield code="a">94 &#x441;.</subfield>
    <subfield code="c">&#x438;&#x43B;.</subfield>
    <subfield code="d">20</subfield>
  </datafield>
  <datafield tag="225" ind1="1" ind2=" ">
    <subfield code="a">&#x421;&#x435;&#x440;&#x438;&#x44F; &#x420;&#x435;&#x448;&#x435;&#x431;&#x43D;&#x438;&#x43A;</subfield>
  </datafield>
  <datafield tag="225" ind1="1" ind2=" ">
    <subfield code="a">New</subfield>
  </datafield>
  <datafield tag="225" ind1="1" ind2=" ">
    <subfield code="a">&#x422;&#x43E;&#x43B;&#x44C;&#x43A;&#x43E; &#x434;&#x43B;&#x44F; &#x440;&#x43E;&#x434;&#x438;&#x442;&#x435;&#x43B;&#x435;&#x439;</subfield>
  </datafield>
  <datafield tag="300" ind1=" " ind2=" ">
    <subfield code="a">&#x417;&#x430;&#x433;&#x43B;. &#x43E;&#x431;&#x43B;.: &#x414;&#x43E;&#x43C;&#x430;&#x448;&#x43D;&#x44F;&#x44F; &#x440;&#x430;&#x431;&#x43E;&#x442;&#x430; &#x43F;&#x43E; &#x447;&#x435;&#x440;&#x447;&#x435;&#x43D;&#x438;&#x44E;: 7-8</subfield>
  </datafield>
  <datafield tag="300" ind1=" " ind2=" ">
    <subfield code="a">&#x41D;&#x430; &#x43E;&#x431;&#x43B;. &#x430;&#x432;&#x442;. &#x43D;&#x435; &#x443;&#x43A;&#x430;&#x437;&#x430;&#x43D;</subfield>
  </datafield>
  <datafield tag="300" ind1=" " ind2=" ">
    <subfield code="a">&#x41A;&#x43D;. &#x444;&#x430;&#x43A;&#x442;&#x438;&#x447;&#x435;&#x441;&#x43A;&#x438; &#x438;&#x437;&#x434;. &#x432; 2008 &#x433;.</subfield>
  </datafield>
  <datafield tag="422" ind1=" " ind2="0">
    <subfield code="1">2001#$a&#x427;&#x435;&#x440;&#x447;&#x435;&#x43D;&#x438;&#x435;$e&#x443;&#x447;&#x435;&#x431;&#x43D;&#x438;&#x43A; &#x434;&#x43B;&#x44F; 7-8 &#x43A;&#x43B;&#x430;&#x441;&#x441;&#x430; &#x43E;&#x431;&#x449;&#x435;&#x43E;&#x431;&#x440;&#x430;&#x437;&#x43E;&#x432;&#x430;&#x442;&#x435;&#x43B;&#x44C;&#x43D;&#x44B; &#x443;&#x447;&#x440;&#x435;&#x436;&#x434;&#x435;&#x43D;&#x438;&#x439;</subfield>
    <subfield code="1">700#1$3RU\NLR\auth\775065$a&#x411;&#x43E;&#x442;&#x432;&#x438;&#x43D;&#x43D;&#x438;&#x43A;&#x43E;&#x432;$b&#x410;. &#x414;.$g&#x410;&#x43B;&#x435;&#x43A;&#x441;&#x430;&#x43D;&#x434;&#x440; &#x414;&#x430;&#x432;&#x438;&#x434;&#x43E;&#x432;&#x438;&#x447; &#x438; &#x434;&#x440;.$4070</subfield>
    <subfield code="1">205##$a4-&#x435; &#x438;&#x437;&#x434;., &#x434;&#x43E;&#x440;&#x430;&#x431;.</subfield>
    <subfield code="1">210##$a&#x41C;&#x43E;&#x441;&#x43A;&#x432;&#x430;$c&#x410;&#x421;&#x422;$c&#x410;&#x441;&#x442;&#x440;&#x435;&#x43B;&#x44C;$d2008</subfield>
    <subfield code="t">&#x427;&#x435;&#x440;&#x447;&#x435;&#x43D;&#x438;&#x435;</subfield>
    <subfield code="a">&#x411;&#x43E;&#x442;&#x432;&#x438;&#x43D;&#x43D;&#x438;&#x43A;&#x43E;&#x432;, &#x410;&#x43B;&#x435;&#x43A;&#x441;&#x430;&#x43D;&#x434;&#x440; &#x414;&#x430;&#x432;&#x438;&#x434;&#x43E;&#x432;&#x438;&#x447; &#x438; &#x434;&#x440;.</subfield>
  </datafield>
  <datafield tag="512" ind1="1" ind2=" ">
    <subfield code="a">&#x414;&#x43E;&#x43C;&#x430;&#x448;&#x43D;&#x44F;&#x44F; &#x440;&#x430;&#x431;&#x43E;&#x442;&#x430; &#x43F;&#x43E; &#x447;&#x435;&#x440;&#x447;&#x435;&#x43D;&#x438;&#x44E;</subfield>
    <subfield code="e">7-8</subfield>
  </datafield>
  <datafield tag="606" ind1="1" ind2=" ">
    <subfield code="a">&#x427;&#x435;&#x440;&#x447;&#x435;&#x43D;&#x438;&#x435;</subfield>
    <subfield code="j">&#x423;&#x447;&#x435;&#x431;&#x43D;&#x44B;&#x435; &#x438;&#x437;&#x434;&#x430;&#x43D;&#x438;&#x44F; &#x434;&#x43B;&#x44F; &#x441;&#x440;&#x435;&#x434;&#x43D;&#x435;&#x439; &#x448;&#x43A;&#x43E;&#x43B;&#x44B;</subfield>
    <subfield code="x">&#x417;&#x430;&#x434;&#x430;&#x447;&#x438;</subfield>
    <subfield code="x">&#x420;&#x435;&#x448;&#x435;&#x43D;&#x438;&#x435;</subfield>
    <subfield code="9">2377828</subfield>
    <subfield code="3">RU\NLR\auth\661418870</subfield>
  </datafield>
  <datafield tag="686" ind1=" " ind2=" ">
    <subfield code="a">&#x416;11&#x44F;721-41</subfield>
  </datafield>
  <datafield tag="700" ind1=" " ind2="1">
    <subfield code="a">&#x427;&#x435;&#x43F;&#x430;&#x435;&#x432;</subfield>
    <subfield code="b">&#x414;. &#x418;.</subfield>
    <subfield code="g">&#x414;&#x43C;&#x438;&#x442;&#x440;&#x438;&#x439; &#x418;&#x432;&#x430;&#x43D;&#x43E;&#x432;&#x438;&#x447;</subfield>
    <subfield code="4">070</subfield>
  </datafield>
  <datafield tag="801" ind1=" " ind2="0">
    <subfield code="a">RU</subfield>
    <subfield code="b">NLR</subfield>
    <subfield code="c">20080825</subfield>
    <subfield code="g">RCR</subfield>
  </datafield>
  <datafield tag="801" ind1=" " ind2="1">
    <subfield code="a">RU</subfield>
    <subfield code="b">NLR</subfield>
    <subfield code="c">20080825</subfield>
  </datafield>
  <datafield tag="830" ind1=" " ind2=" ">
    <subfield code="a">&#x410;&#x432;&#x442;. &#x43F;&#x43E; &#x43A;&#x43D;</subfield>
  </datafield>
  <datafield tag="942" ind1=" " ind2=" ">
    <subfield code="c">BOOK</subfield>
  </datafield>
  <datafield tag="980" ind1=" " ind2=" ">
    <subfield code="a">NB</subfield>
  </datafield>
  <datafield tag="995" ind1=" " ind2=" ">
    <subfield code="5">2008-08-25</subfield>
    <subfield code="a">ad</subfield>
    <subfield code="b">NLR01</subfield>
    <subfield code="c">NLR01</subfield>
    <subfield code="e">RF9</subfield>
    <subfield code="f">1-4593307</subfield>
    <subfield code="k">2008-4/14342</subfield>
    <subfield code="o">0</subfield>
    <subfield code="r">BOOK</subfield>
    <subfield code="s">2008414342_</subfield>
  </datafield>
  <datafield tag="995" ind1=" " ind2=" ">
    <subfield code="5">2008-08-25</subfield>
    <subfield code="a">ad</subfield>
    <subfield code="b">NLR01</subfield>
    <subfield code="c">NLR01</subfield>
    <subfield code="e">OBM</subfield>
    <subfield code="f">2739743</subfield>
    <subfield code="o">0</subfield>
    <subfield code="r">BOOK</subfield>
  </datafield>
</record>
